| 000 | 01420nam0a2200421 4500 | ||
|---|---|---|---|
| 001 | RU\NLR\bibl\392670 | ||
| 005 | 20260405210058.0 | ||
| 010 |
_a5-7901-0041-4 _9500 |
||
| 021 |
_aRU _b2003-9599 _9440 |
||
| 035 | _a(NLR Aleph) 000386948 | ||
| 090 |
_a491224 _c491224 |
||
| 100 | _a20030414d2003 |||y0rusy50 ca | ||
| 101 | 0 | _arus | |
| 102 | _aRU | ||
| 105 | _aa ||||||||| | ||
| 200 | 1 |
_aСлюнные железы. Слюна _fА. Б. Денисов _gРос. акад. мед. наук |
|
| 205 | _a[5-е изд., перераб. и доп.] | ||
| 210 |
_aМ. _cИзд-во Рос. акад. мед. наук _d2003 |
||
| 215 |
_a132 с. _cил. _d21 |
||
| 320 | _aПредм. указ.: с. 130-132 | ||
| 320 | _aБиблиогр.: с. 121-129 | ||
| 606 | 0 |
_aСлюнные железы _9911982 _3RU\NLR\auth\6613528 |
|
| 606 | 0 |
_aСлюна _9911600 _3RU\NLR\auth\6613300 |
|
| 610 | 0 | _aСлюнные железы | |
| 610 | 0 | _aСлюна | |
| 675 |
_a612.313 _v3 _zrus |
||
| 675 |
_a616.316 _v3 _zrus |
||
| 686 |
_a34.41 _2rugasnti |
||
| 686 |
_a56.6 _2rubbk |
||
| 686 | _aР661.25 | ||
| 686 | _aЕ930.3 | ||
| 700 | 1 |
_4070 _8rus _7ca _aДенисов _bА. Б. _cд-р мед. наук _gАркадий Борисович _3RU\NLR\auth\7793280 _976206 |
|
| 801 | 0 |
_aRU _bRKP _c20030414 _gPSBO |
|
| 801 | 1 |
_aRU _bRKP _c20030414 |
|
| 801 | 2 |
_aRU _bNLR _c20101027 _grcr |
|
| 942 | _cBOOK | ||
| 980 | _aNB | ||